000
00333nam a22001577a 4500
003
SGT
020
_a
9789332537927
082
_a
150.1988,BAU
100
_a
BAUMGARDNER,STEVE
245
_a
POSITIVE PSYCHLOGY
250
_a
8TH
260
_a
NOIDA
_b
PEARSON
_c
2019
300
_a
334
650
_a
PSYCHOLOGY
942
_2
ddc
_c
BK
_0
31
999
_c
19399
_d
19399